Nezabiješ /
Román realisticky vykresľuje život v malom slovenskom mestečku v čase Slovenského štátu, postoj obyvateľov k Židom pred tým, ako ich odvliekli do koncentračných táborov.Príbeh je podaný z pohľadu dvoch dievčat, ktoré vôbec nerozumejú, prečo musia opustiť svoj domov, a celá cesta v dobytčích vagónoch...
Uloženo v:
| Hlavní autor: | |
|---|---|
| Médium: | E-kniha |
| Jazyk: | Czech |
| Vydáno: |
Praha :
Albatros Media Slovakia s.r.o.,
2026
|
| Tagy: |
Žádné tagy |
| LEADER | 01532nam a22002297i 4500 | ||
|---|---|---|---|
| 001 | 302756 | ||
| 007 | ta | ||
| 008 | 260514s2026 xr ||||| |||| 00| 0 cze d | ||
| 020 | |a 9788056652220 | ||
| 044 | |a xr | ||
| 100 | 1 | |a Havranová, Ivana |4 aut | |
| 245 | 1 | 0 | |a Nezabiješ / |c Havranová, Ivana |
| 264 | 1 | |a Praha : |b Albatros Media Slovakia s.r.o., |c 2026 | |
| 300 | |a 1 online zdroj (176 stran) | ||
| 336 | |a text |b txt |2 rdacontent | ||
| 337 | |a bez média |b n |2 rdamedia | ||
| 338 | |a online zdroj |b cr |2 rdacarrier | ||
| 520 | 2 | |a Román realisticky vykresľuje život v malom slovenskom mestečku v čase Slovenského štátu, postoj obyvateľov k Židom pred tým, ako ich odvliekli do koncentračných táborov.Príbeh je podaný z pohľadu dvoch dievčat, ktoré vôbec nerozumejú, prečo musia opustiť svoj domov, a celá cesta v dobytčích vagónoch do Osvienčimu je pre ne šokom. Čaká ich život plný strachu, nedostatku, tragédie, zla i lásky. Ako sa im podarí vydržať neľudské fyzické i psychické týranie a prežiť v desivých podmienkach koncentračného tábora? | |
| 910 | |a RBIT002 | ||
| 998 | |d 427014 |a https://core.palmknihy.cz/api/books/427014/cover?tesgio |b https://core.palmknihy.cz/api/books/427014/cover/400?tesgio |c https://core.palmknihy.cz/api/books/427014/cover/50?tesgio |e 2037-12-31 |g 176 |i 9788056652220 |j https://core.palmknihy.cz/api/books/427014/preview.epub |k https://core.palmknihy.cz/api/books/427014/preview.pdf |l |q 49 |r 1 |s https://www.palmknihy.cz/kniha/427014 |t ebook |y 2026 |z 1 | ||
| 999 | |d 302754 | ||